KOHA-Header-6

Data Structures and Algorithms in Python (Record no. 2291)

000 -LEADER
fixed length control field 00326nam a2200121Ia 4500
008 - FIXED-LENGTH DATA ELEMENTS--GENERAL INFORMATION
fixed length control field 190802s9999 xx 000 0 und d
020 ## - INTERNATIONAL STANDARD BOOK NUMBER
International Standard Book Number 978-81-265-6217-6
100 ## - MAIN ENTRY--PERSONAL NAME
Personal name Michael T.Goodrich
245 #0 - TITLE STATEMENT
Title Data Structures and Algorithms in Python
260 ## - PUBLICATION, DISTRIBUTION, ETC. (IMPRINT)
Place of publication, distribution, etc New Delhi
Name of publisher, distributor, etc Wiley Blackwell
Date of publication, distribution, etc 2013
300 ## - PHYSICAL DESCRIPTION
Extent 748:p
942 ## - ADDED ENTRY ELEMENTS (KOHA)
Koha item type Books
Holdings
Withdrawn status Lost status Damaged status Not for loan Collection code Permanent Location Current Location Shelving location Date acquired Total Checkouts Total Renewals Full call number Barcode Checked out Date last seen Date checked out Price effective from Koha item type
        Computer Science MAJU MAJU Shelf No.A33 2019-08-03 2 1 5.133 8914 2026-01-19 2025-07-23 2025-07-23 2019-08-03 Computer Science

Powered by Koha